000 00634 a2200181 4500
003 Nust
005 20170207171113.0
040 _cNust
082 _a005.8
100 _aJaved, Azhar (MSIS-11)
245 _aAutomated malware analysis to identify data espionage and backdoor creation
_cAzhar Javed
260 _aRwp
_bMCS
_c2014
300 _axi, 73 p.
505 _aIntroduction (page-1), Literature (page-12), Datasets (page-17), Proposed methodology (page-22), Evaluation of proposed methodology (page-35), Conclusion and future directions (page-42).
538 _aAlmirah No. 70 Shelf No. 4
650 _aMS Thesis
651 _aMSIS-11
942 _cTHS
999 _c216246
_d216246